| 000 | 01027nam a2200349 a 4500 | ||
|---|---|---|---|
| 001 | 8937 | ||
| 003 | FISKH | ||
| 005 | 20251110161152.0 | ||
| 008 | 830405s1982 nyua j 000 0 eng | ||
| 010 | _a 82002420 | ||
| 020 | _a0525440046 | ||
| 020 | _a9780525440048 | ||
| 035 | _a3749915 | ||
| 040 |
_aDLC _cDLC _dDLC _beng |
||
| 050 | 0 | 0 |
_aVM150 _b.R625 1982 |
| 082 | 0 | 0 |
_a387.2/022/2 _219 |
| 100 | 1 | _aRockwell, Anne F. | |
| 245 | 1 | 0 |
_aBoats / _cby Anne Rockwell. |
| 260 |
_aNew York : _bE.P. Dutton, _c1982. |
||
| 300 |
_a24 unnumbered pages : _bcolor illustrations ; _c21 x 23 cm. |
||
| 505 | _aE | ||
| 520 | _aDepicts boats and ships of varying sizes and uses. | ||
| 521 | 8 |
_a270
_bLexile |
|
| 521 | 8 |
_aE
_bRaz-Plus |
|
| 650 | 0 |
_aShips _xPictorial works _xJuvenile literature. |
|
| 650 | 0 |
_aBoats and boating _xPictorial works _xJuvenile literature. |
|
| 650 | 1 | _aBoats and boating. | |
| 650 | 1 | _aShips. | |
| 906 |
_a7 _bcbc _corignew _d1 _eocip _f19 _gy-gencatlg |
||
| 942 |
_2ddc _cBK _n0 |
||
| 999 |
_c8937 _d8937 |
||